000 00831nab a2200241 u 4500
001 08555
003 HDC
007 cr bn ---aaaaa
008 210130c2013 my dr|nes 0 a may d
040 _aHDC
100 _aIzham Hakimi Hamdi
_eauthor
_99009
245 0 _aTutti Frutti Terus Jadi Pilihan / oleh
_cIzham Hakimi Hamdi
260 _aKuala Lumpur :
_bThe New Straits Times Press (M) Bhd.,
_c2013
336 _atext
_2rdacontent
337 _acomputer
_2rdamedia
338 _aonline resource
_2rdacarrier
650 _aeconomic growth
_94226
650 _aFood product
_zMalaysia
_97609
856 _zRequest full-text at [email protected]
942 _2lcc
942 _cNEWS
942 _kNWSC 002361
999 _c5878
_d5878